Fundamentals of computing and programming / (Record no. 40471)

MARC details
000 -LEADER
fixed length control field 00705nam a22002057a 4500
005 - DATE AND TIME OF LATEST TRANSACTION
control field 20100809164922.0
010 ## - LCCN (DPL NO)
LC control number ENG-99221
035 ## - SYSTEM CONTROL NUMBER
System control number EN-82753
037 ## - SOURCE OF ACQUISITION
Source of stock number/acquisition DBAD/PUB
082 ## - DEWEY DECIMAL CLASSIFICATION NUMBER
Classification number 004
100 ## - MAIN ENTRY--PERSONAL NAME
Personal name Saravanakumar, E.
245 ## - TITLE STATEMENT
Title Fundamentals of computing and programming /
Statement of responsibility, etc by E. Saravankumar
260 ## - PUBLICATION, DISTRIBUTION, ETC. (IMPRINT)
Place of publication, distribution, etc Hosur
Name of publisher, distributor, etc S. S. Publishers
Date of publication, distribution, etc 2009
270 ## - ADDRESS
Address Plot No. 53, Samathanapuram
City Hosur
Postal code 635126
300 ## - PHYSICAL DESCRIPTION
Extent various pagings
Dimensions 25cm (pbk)
650 ## - SUBJECT ADDED ENTRY--TOPICAL TERM
Topical term or geographic name as entry element Computer programming
650 ## - SUBJECT ADDED ENTRY--TOPICAL TERM
Topical term or geographic name as entry element Computer
942 ## - ADDED ENTRY ELEMENTS (KOHA)
Source of classification or shelving scheme Dewey Decimal Classification
Item type English Books
Classification part 004
Call number suffix SAR
Holdings
Withdrawn status Lost status Not for loan Collection code Home library Current library Date acquired Source of acquisition Cost, normal purchase price Full call number Barcode Copy number Cost, replacement price Koha item type
    Not For Loan Non-fiction D.B.Act.Division D.B.Act.Division 09/08/2010 DBAD/PUB 350.00 004 SAR EN-82753 1 350.00 English Books

© Delhi Public Library
Hit Counter
free hit counter